25 odporúčaní týkajúcich sa etických, právnych a sociálnych dôsledkov genetického testovania

Bibliographic Details
Format: Article
Language:Slovak
English
ISSN:1335-0560
Subjects:

MARC

LEADER 00000nab a2200000 a 4500
001 vtls001517333
003 SK-MaSNL
005 20260304141130.0
008 250505c2004 xo 0 slo
015 |a SNBCL2005 
035 |a SLK030244 
035 |a urn:nbn:sk:snk-abup2 
035 |a (urnnbn)urn:nbn:sk:snk:ar-a058h5 
035 |a (uuid)fd20b4ce-388e-45df-b117-5affd993aa15 
040 |a SNKBUCL  |b slo  |c SNKBUCL  |e AACR2 
041 0 |a eng 
044 |a xo  |c SK 
080 |a 575:614.253:614.256  |2 1997 
245 0 0 |a 25 odporúčaní týkajúcich sa etických, právnych a sociálnych dôsledkov genetického testovania 
246 1 0 |a 25 recommendations on the ethical, legal and social implications of genetic testing 
650 0 7 |a klinická genetika  |2 MESH  |9 2472 
650 0 7 |a výskum genetický  |2 MESH  |9 1458519 
650 0 7 |a poradenstvo genetické  |2 MESH  |9 1442142 
650 0 7 |a lekárska etika  |2 snkbucl  |9 794 
773 0 |t Medicínska etika a bioetika  |g Vol. 11, no. 1-2 (2004), p. 13-18  |x 1335-0560 
850 |a Slovenská národná knižnica 
852 |a Slovenská národná knižnica 
958 |a article27 
958 |a OND 
958 |a EUIPO 
999 |c 2917721  |d 2919651